[Event "18th Asian-ch"]
[Site "New Delhi IND"]
[Date "2022.11.02"]
[Round "8.4"]
[White "Mendonca, Leon Luke"]
[Black "Adhiban, Baskaran"]
[Result "0-1"]
[WhiteElo "2558"]
[BlackElo "2603"]
[EventDate "2022.10.26"]
[PlyCount "100"]

1.d4 g6 2.c4 Bg7 3.e4 c5 4.d5 d6 5.Nf3 e6 6.Be2 Nf6 7.Nc3 exd5 8.cxd5 a6 
9.a4 Bg4 10.O-O O-O 11.Bf4 Bxf3 12.Bxf3 Qe7 13.Re1 Nbd7 14.Qc2 Ne5 15.Be2 
Rab8 16.h3 b5 17.axb5 axb5 18.Nxb5 Nh5 19.Bc1 Qf6 20.Ra6 Rfd8 21.b3 Bf8 
22.Qd2 Qh4 23.Bf1 h6 24.Qe3 Bg7 25.g3 Qe7 26.Kg2 g5 27.Be2 Nf6 28.Bb2 Ra8 
29.Rea1 Rxa6 30.Rxa6 Ng6 31.Bd3 Nh5 32.Bxg7 Kxg7 33.Qf3 Nhf4+ 34.Kh2 Ne5 
35.Qe3 Nfxd3 36.f4 gxf4 37.gxf4 Kh7 38.fxe5 Qxe5+ 39.Qg3 Qb2+ 40.Qg2 Qe5+ 
41.Qg3 Nf4 42.Ra7 Qb2+ 43.Kh1 Qb1+ 44.Kh2 Qc2+ 45.Kh1 Qxe4+ 46.Kh2 Qc2+ 
47.Kh1 Qd1+ 48.Kh2 Qd2+ 49.Kh1 Qxd5+ 50.Kh2 Rg8 0-1

[Event "18th Asian-ch"]
[Site "New Delhi IND"]
[Date "2022.11.02"]
[Round "8.5"]
[White "Karthik, Venkataraman"]
[Black "Atabaev, Maksat"]
[Result "1-0"]
[WhiteElo "2486"]
[BlackElo "2475"]
[EventDate "2022.10.26"]
[PlyCount "135"]

1.e4 c5 2.Nf3 e6 3.d4 cxd4 4.Nxd4 a6 5.a3 Nf6 6.Nc3 Qc7 7.f4 d6 8.g4 Nc6 
9.g5 Nd7 10.Be3 b5 11.Qd2 Bb7 12.h4 Na5 13.Rg1 Nc4 14.Bxc4 Qxc4 15.h5 g6 
16.Rh1 gxh5 17.Rxh5 Rc8 18.Rh4 Bg7 19.f5 Be5 20.O-O-O b4 21.axb4 Qxb4 22.
Nce2 Qxd2+ 23.Rxd2 Nc5 24.Nc3 Ke7 25.Rd1 Bg3 26.Rh3 Be5 27.Rh4 Bg3 28.Rh6 
Be5 29.fxe6 fxe6 30.Rdh1 Rcg8 31.Rxh7+ Rxh7 32.Rxh7+ Rg7 33.Rh4 Nd7 34.
Nce2 Nc5 35.Nc3 Nd7 36.Nde2 Bxc3 37.Nxc3 Ne5 38.b3 Nf7 39.Kb2 Bc6 40.Rg4 
Ne5 41.Rh4 Nf3 42.Rg4 Be8 43.Rg3 Bh5 44.Rh3 Bg4 45.Rh8 Nxg5 46.Ra8 Nf7 47.
Ra7+ Ke8 48.Rxa6 Bf3 49.b4 Rg4 50.Ra8+ Ke7 51.Ra7+ Ke8 52.b5 Bxe4 53.Nxe4 
Rxe4 54.b6 Rb4+ 55.Ka3 Rb1 56.Rc7 Ne5 57.Ka2 Rb5 58.b7 Nd7 59.Ba7 Ra5+ 60.
Kb2 Rxa7 61.Rxd7 Kxd7 62.b8=Q Rc7 63.Qf8 e5 64.Qf7+ Kd8 65.Qe6 Rc6 66.Kb3 
Kc7 67.Qe7+ Kb6 68.Kb4 1-0

[Event "18th Asian-ch"]
[Site "New Delhi IND"]
[Date "2022.11.02"]
[Round "8.6"]
[White "Ayush, Sharma"]
[Black "Sethuraman, Panayapan"]
[Result "0-1"]
[WhiteElo "2267"]
[BlackElo "2645"]
[EventDate "2022.10.26"]
[PlyCount "64"]

1.e4 c6 2.d4 d5 3.e5 Bf5 4.Nf3 e6 5.Be2 Nd7 6.O-O a5 7.a4 f6 8.Bf4 Qb6 9.
b3 Ne7 10.exf6 gxf6 11.c4 Ng6 12.Bg3 Bb4 13.h4 Ne7 14.h5 Rg8 15.Na3 Bc3 
16.Ra2 Be4 17.c5 Qb4 18.Bd3 Bxf3 19.Qxf3 Qxd4 20.Bxh7 Rh8 21.Rc2 Rxh7 22.
Rxc3 Ne5 23.Bxe5 fxe5 24.Qh3 e4 25.Nc2 Qh8 26.g4 O-O-O 27.Rg3 Ng6 28.f4 
Rf8 29.g5 Rxh5 30.Qxe6+ Kb8 31.Qd6+ Ka7 32.Qxg6 Rh1+ 0-1

[Event "18th Asian-ch"]
[Site "New Delhi IND"]
[Date "2022.11.02"]
[Round "8.7"]
[White "Vignesh, N. R."]
[Black "Aravindh, Chithambaram"]
[Result "1/2-1/2"]
[WhiteElo "2486"]
[BlackElo "2625"]
[EventDate "2022.10.26"]
[PlyCount "60"]

1.d4 e6 2.e4 d5 3.Nd2 Nf6 4.e5 Nfd7 5.Bd3 c5 6.c3 Nc6 7.Ne2 cxd4 8.cxd4 f6
9.exf6 Nxf6 10.O-O Bd6 11.Nf3 O-O 12.Bf4 Bxf4 13.Nxf4 Ne4 14.Qc1 Ng5 15.
Nxg5 Qxg5 16.Ne2 Qf6 17.Qe3 Bd7 18.Bb5 Rae8 19.f4 Rc8 20.Rac1 a6 21.Bxc6 
Rxc6 22.Rxc6 Bxc6 23.Re1 Be8 24.Qe5 Qxe5 25.dxe5 Bh5 26.Ng3 Bg6 27.Ne2 Bh5
28.Ng3 Bg6 29.Ne2 Bh5 30.Ng3 Bg6 1/2-1/2

[Event "18th Asian-ch"]
[Site "New Delhi IND"]
[Date "2022.11.02"]
[Round "8.8"]
[White "Karthikeyan, Murali"]
[Black "Pranav, Anand"]
[Result "1/2-1/2"]
[WhiteElo "2623"]
[BlackElo "2502"]
[EventDate "2022.10.26"]
[PlyCount "85"]

1.e4 e5 2.Nf3 Nc6 3.Bb5 a6 4.Ba4 Nf6 5.O-O Nxe4 6.d4 b5 7.Bb3 d5 8.dxe5 
Be6 9.Be3 Be7 10.c3 Qd7 11.Nbd2 Nxd2 12.Qxd2 Na5 13.Rfd1 Rd8 14.h3 c5 15.
Qe2 h6 16.Bc2 Nc4 17.Bc1 Bf5 18.a4 Bxc2 19.Qxc2 O-O 20.axb5 axb5 21.b3 Nb6
22.Be3 Ra8 23.Rxa8 Rxa8 24.b4 Rc8 25.Qb3 Qc6 26.bxc5 Bxc5 27.Bxc5 Qxc5 28.
Nd4 Qxc3 29.Qxb5 Qc5 30.Qb3 Re8 31.Qg3 Qc8 32.Ra1 Nc4 33.e6 Qb7 34.Nf5 
fxe6 35.Qg6 Kf8 36.Nxh6 gxh6 37.Qf6+ Kg8 38.Qg6+ Kf8 39.Qf6+ Qf7 40.Qh8+ 
Qg8 41.Qf6+ Qf7 42.Qh8+ Qg8 43.Qf6+ 1/2-1/2

[Event "18th Asian-ch"]
[Site "New Delhi IND"]
[Date "2022.11.02"]
[Round "8.9"]
[White "Puranik, Abhimanyu"]
[Black "Raja Rithvik, R."]
[Result "1/2-1/2"]
[WhiteElo "2603"]
[BlackElo "2470"]
[EventDate "2022.10.26"]
[PlyCount "68"]

1.e4 e5 2.Nf3 Nf6 3.Nxe5 d6 4.Nf3 Nxe4 5.d4 d5 6.Bd3 Bd6 7.O-O O-O 8.c4 c6
9.Nc3 Nxc3 10.bxc3 dxc4 11.Bxc4 Bf5 12.Bg5 Qa5 13.Nh4 Be6 14.Bxe6 Qxg5 15.
Nf3 Qf6 16.Bb3 Nd7 17.Qd3 Rad8 18.g3 Bc7 19.Qe4 Ba5 20.Rac1 g6 21.Rfe1 Kg7
22.Kg2 Qd6 23.Qh4 Qf6 24.Qh3 Qd6 25.Ng5 Nf6 26.Re5 b5 27.Rce1 Bxc3 28.Re7 
Bxe1 29.Rxf7+ Rxf7 30.Nxf7 Qxd4 31.Qh6+ Kg8 32.Nxd8+ Nd5 33.Qe3 Qxe3 34.
fxe3 Kg7 1/2-1/2

[Event "18th Asian-ch"]
[Site "New Delhi IND"]
[Date "2022.11.02"]
[Round "8.10"]
[White "Pranav, V."]
[Black "Pranesh, Munirethinam"]
[Result "0-1"]
[WhiteElo "2530"]
[BlackElo "2442"]
[EventDate "2022.10.26"]
[PlyCount "64"]

1.e4 c5 2.Nf3 g6 3.d4 cxd4 4.Qxd4 Nf6 5.e5 Nc6 6.Qa4 Nd5 7.Qe4 Nb6 8.Nc3 
Bg7 9.Bf4 d5 10.exd6 Bf5 11.Qe3 O-O 12.O-O-O exd6 13.Rxd6 Qc8 14.Bh6 Re8 
15.Qd2 Bh8 16.Bb5 a6 17.Be2 Qc7 18.Bf4 Bxc3 19.bxc3 Qe7 20.Re1 Qe4 21.Kb1 
Qa4 22.Nd4 Be4 23.Nb3 Bxc2+ 24.Kb2 Rxe2 25.Qxe2 Bxb3 26.axb3 Qxf4 27.Rd3 
a5 28.Rf3 Qc7 29.Qe4 a4 30.Ra1 Na5 31.bxa4 Nbc4+ 32.Kc2 Qb6 0-1

[Event "18th Asian-ch"]
[Site "New Delhi IND"]
[Date "2022.11.02"]
[Round "8.11"]
[White "Shyam Sundar, M."]
[Black "Aditya, Mittal"]
[Result "1-0"]
[WhiteElo "2518"]
[BlackElo "2486"]
[EventDate "2022.10.26"]
[PlyCount "119"]

1.d4 Nf6 2.Nf3 d5 3.Bf4 c5 4.e3 Nc6 5.Nbd2 Bg4 6.c3 e6 7.Qb3 Qc8 8.Ne5 
Nxe5 9.Bxe5 c4 10.Qa4+ Qd7 11.Qxd7+ Nxd7 12.Bf4 b5 13.e4 Nb6 14.f3 Bh5 15.
h4 f5 16.exf5 exf5 17.Be2 b4 18.Kf2 Kd7 19.g4 Bf7 20.cxb4 Bxb4 21.gxf5 Na4
22.Rab1 Bd6 23.Bxd6 Kxd6 24.Bd1 Nb6 25.Bc2 g6 26.Rhg1 Rag8 27.Rbe1 gxf5 
28.Rxg8 Rxg8 29.Bxf5 Nc8 30.Rg1 Rxg1 31.Kxg1 Ne7 32.Bxh7 Nc6 33.Kf2 Nxd4 
34.Ke3 Ne6 35.f4 d4+ 36.Kf3 Kc5 37.Ne4+ Kb4 38.Ng5 Bh5+ 39.Ke4 d3 40.Ke3 
Nc5 41.Ne4 Nxe4 42.Bxe4 a5 43.Kd2 a4 44.Bf5 Kc5 45.Kc3 Kd6 46.Be4 Kc5 47.
Bh7 Bf7 48.Bf5 Kd5 49.a3 Be8 50.Bg4 Ke4 51.Kxc4 Kxf4 52.Bd1 Ke3 53.Kc3 d2 
54.h5 Bc6 55.h6 Be4 56.Bxa4 Ke2 57.b4 Ke1 58.b5 Bf5 59.b6 Bd7 60.h7 1-0

[Event "18th Asian-ch"]
[Site "New Delhi IND"]
[Date "2022.11.02"]
[Round "8.12"]
[White "Sankalp, Gupta"]
[Black "Viani, Antonio Dcunha"]
[Result "1/2-1/2"]
[WhiteElo "2502"]
[BlackElo "2342"]
[EventDate "2022.10.26"]
[PlyCount "139"]

1.e4 c5 2.Nf3 d6 3.d4 cxd4 4.Nxd4 Nf6 5.Nc3 g6 6.Be3 Bg7 7.f3 O-O 8.Qd2 
Nc6 9.O-O-O d5 10.exd5 Nxd5 11.Nxc6 bxc6 12.Bd4 Bxd4 13.Qxd4 Qb6 14.Qe5 
Be6 15.Na4 Qa5 16.b3 Qb4 17.c4 Qa3+ 18.Qb2 Qxb2+ 19.Kxb2 Nc7 20.g3 Na6 21.
Bg2 f6 22.Rhe1 Kf7 23.f4 Rac8 24.Kc3 Rc7 25.c5 Nb8 26.Rd2 Rg8 27.Bf3 h5 
28.Nb2 Rh8 29.h4 Bg4 30.Bxg4 hxg4 31.Nc4 Nd7 32.b4 Rh5 33.a3 Nf8 34.Ne3 a5
35.Nxg4 axb4+ 36.axb4 Ra7 37.Kb3 Ne6 38.Ne3 Rb7 39.Kc4 Rh8 40.Nc2 Ra8 41.
Ra1 Rxa1 42.Nxa1 Nc7 43.Nc2 Nd5 44.Rd3 e6 45.Ra3 e5 46.fxe5 fxe5 47.Ra6 
Ne7 48.Na1 Ke6 49.Nb3 Kf5 50.Na5 Rc7 51.b5 cxb5+ 52.Kxb5 Kg4 53.Nc4 e4 54.
Re6 Kxg3 55.Rxe4 Nf5 56.Nd6 Nxh4 57.Kb6 Rh7 58.Re6 Kf4 59.c6 Nf5 60.c7 
Nxd6 61.Rxd6 Rxc7 62.Kxc7 g5 63.Rd4+ Kf3 64.Kd6 g4 65.Ke5 g3 66.Rd3+ Kf2 
67.Kf4 g2 68.Rd2+ Kg1 69.Kg3 Kh1 70.Rxg2 1/2-1/2

[Event "18th Asian-ch"]
[Site "New Delhi IND"]
[Date "2022.11.02"]
[Round "8.13"]
[White "Shyaamnikhil, P."]
[Black "Sammed Jaykumar, Shete"]
[Result "1/2-1/2"]
[WhiteElo "2489"]
[BlackElo "2408"]
[EventDate "2022.10.26"]
[PlyCount "120"]

1.Nf3 Nf6 2.g3 g6 3.Bg2 Bg7 4.O-O O-O 5.d4 d6 6.a4 c5 7.dxc5 dxc5 8.Qxd8 
Rxd8 9.Ne5 Ne8 10.f4 Nd7 11.Nd3 Rb8 12.Na3 Nd6 13.e4 b6 14.e5 Nf5 15.c3 
Bb7 16.Nf2 g5 17.Bxb7 Rxb7 18.Rd1 Rbb8 19.Nc4 gxf4 20.Bxf4 Rbc8 21.Kg2 Nf8
22.Kf3 f6 23.exf6 Bxf6 24.Rxd8 Rxd8 25.Rd1 Rxd1 26.Nxd1 Nd7 27.g4 Nh4+ 28.
Ke4 Ng6 29.Bc7 e6 30.a5 bxa5 31.Bxa5 Bg5 32.Nf2 Bf4 33.h3 Kf7 34.Nd3 Bg3 
35.Nd2 Ke7 36.c4 Nge5 37.Nxe5 Bxe5 38.b3 Kd6 39.Bd8 Bc3 40.Nf3 Nb8 41.g5 
Nc6 42.Bf6 e5 43.h4 Ke6 44.h5 Nd4 45.Bxe5 Nxf3 46.Bxc3 Nxg5+ 47.Kf4 Nf7 
48.Bd2 Nd6 49.Be3 Nb7 50.Bd2 Nd6 51.Be1 a6 52.Ba5 Nf5 53.Bb6 Nd4 54.b4 Nb3
55.Bxc5 Nxc5 56.bxc5 Kd7 57.Ke4 Kc6 58.Kd4 h6 59.Kd3 Kxc5 60.Kc3 a5 
1/2-1/2

[Event "18th Asian-ch"]
[Site "New Delhi IND"]
[Date "2022.11.02"]
[Round "8.14"]
[White "Harshavardhan, G. B."]
[Black "Zhumabaev, Rinat"]
[Result "0-1"]
[WhiteElo "2433"]
[BlackElo "2620"]
[EventDate "2022.10.26"]
[PlyCount "84"]

1.e4 e6 2.d4 d5 3.Nc3 Nf6 4.e5 Nfd7 5.f4 c5 6.Nf3 Nc6 7.Be3 a6 8.Qd2 b5 9.
Bd3 b4 10.Nd1 Be7 11.O-O O-O 12.Nf2 a5 13.c3 bxc3 14.bxc3 cxd4 15.cxd4 Nb4
16.Bb1 Nb6 17.a3 Nc4 18.Qe2 Nc6 19.Bd3 Ba6 20.Ng5 h6 21.Nf3 Rb8 22.Nd2 Rb2
23.Rfb1 Nxd4 24.Bxd4 Rxd2 25.Qf3 Qc7 26.Bc3 Bc5 27.Bxd2 Nxd2 28.Qe2 Nxb1 
29.Rxb1 Bxd3 30.Qxd3 Rb8 31.Rxb8+ Qxb8 32.Kf1 Qb2 33.Nd1 Qxa3 34.Qb5 Qc1 
35.Qe8+ Kh7 36.Ke1 Bb4+ 37.Kf2 Qxf4+ 38.Ke2 Qd2+ 39.Kf3 Qxd1+ 40.Kg3 Be1+ 
41.Kf4 Qd4+ 42.Kf3 Qe4# 0-1

[Event "18th Asian-ch"]
[Site "New Delhi IND"]
[Date "2022.11.02"]
[Round "8.15"]
[White "Sengupta, Deep"]
[Black "Nigmatov, Ortik"]
[Result "1/2-1/2"]
[WhiteElo "2497"]
[BlackElo "2433"]
[EventDate "2022.10.26"]
[PlyCount "215"]

1.e4 e5 2.Nf3 Nc6 3.Bc4 Nf6 4.d3 Bc5 5.c3 O-O 6.Bg5 h6 7.Bh4 Be7 8.Nbd2 d6
9.b4 Nh5 10.Bg3 Nxg3 11.hxg3 Bf6 12.Nf1 Ne7 13.Ne3 c6 14.g4 Ng6 15.g3 b5 
16.Bb3 a5 17.Kf1 d5 18.Kg2 a4 19.Bc2 Re8 20.a3 Nf8 21.Nf5 Nh7 22.Qe2 Ng5 
23.Rad1 Be6 24.Nxg5 Bxg5 25.Qf3 dxe4 26.dxe4 Qc7 27.c4 bxc4 28.Qc3 c5 29.
b5 Red8 30.Rb1 Bd2 31.b6 Qb8 32.Qb2 Rd7 33.Rhd1 c3 34.Qb5 Qf8 35.Bxa4 Rb8 
36.Bc2 Rdb7 37.a4 Bd7 38.Qa6 Bc6 39.Ne3 Qd8 40.a5 Ra8 41.Qe2 Rxa5 42.Nc4 
Ra8 43.Nxd2 cxd2 44.Rxd2 Qb8 45.g5 Rxb6 46.Rxb6 Qxb6 47.gxh6 Bb5 48.Qe3 
Qxh6 49.Qxh6 gxh6 50.Rd5 f6 51.Rxc5 Ba4 52.Bd3 Bb3 53.Rc6 Rd8 54.Be2 Kg7 
55.Rc7+ Kg8 56.Bg4 Bf7 57.Bd7 Rb8 58.Bc6 Rb2 59.Ba8 Rd2 60.Kf3 Bh5+ 61.Kg2
Bf7 62.Kf1 Rb2 63.Ra7 Kf8 64.Kg2 Rd2 65.Rc7 Rb2 66.Bb7 Rd2 67.Rc8+ Kg7 68.
Rc7 Kf8 69.Bc8 Rb2 70.Bf5 Rd2 71.Ra7 Rb2 72.Ra3 Rd2 73.Rc3 Rb2 74.Kf1 Rd2 
75.f4 exf4 76.gxf4 Be8 77.Rc7 h5 78.Kg1 Rb2 79.Ra7 Rd2 80.Be6 Rd4 81.Bf5 
Rd2 82.Kf1 Rh2 83.Ra8 Ke7 84.Ra7+ Kf8 85.Ra3 Ke7 86.Kg1 Rd2 87.Ra6 Bf7 88.
Rb6 Be8 89.Rb7+ Kf8 90.Rc7 Bf7 91.Bh3 Be8 92.Rc5 Ke7 93.Bg2 Bg6 94.Rc7+ 
Rd7 95.Rc4 Bf7 96.Rb4 Rd2 97.Bf3 Be8 98.Rb7+ Kf8 99.Rc7 Rb2 100.Rc5 Ke7 
101.Ra5 Rd2 102.Kf1 Rb2 103.Ke1 Rh2 104.Ra7+ Kf8 105.e5 fxe5 106.fxe5 Bf7 
107.Ra6 Ke7 108.Rh6 1/2-1/2

[Event "18th Asian-ch"]
[Site "New Delhi IND"]
[Date "2022.11.02"]
[Round "8.16"]
[White "Moksh Amit, Doshi"]
[Black "Bilguun, Sumiya"]
[Result "0-1"]
[WhiteElo "2430"]
[BlackElo "2467"]
[EventDate "2022.10.26"]
[PlyCount "88"]

1.d4 d5 2.c4 e6 3.Nf3 c6 4.e3 Nf6 5.Nc3 Nbd7 6.Qc2 Bd6 7.Bd3 O-O 8.O-O 
dxc4 9.Bxc4 Qe7 10.h3 e5 11.a3 a5 12.Ba2 Bc7 13.Re1 h6 14.e4 exd4 15.Nxd4 
Qd6 16.Nf3 Ne5 17.Nxe5 Qxe5 18.f4 Bb6+ 19.Kh1 Qh5 20.Be3 Bxe3 21.Rxe3 Be6 
22.Bb1 Rfd8 23.e5 Ng4 24.Re2 Bc4 25.Kg1 Bxe2 26.Qxe2 Nf6 27.exf6 Qxe2 28.
Nxe2 Rd1+ 29.Kf2 Rad8 30.fxg7 Kxg7 31.b3 R8d2 32.Ra2 Rxa2 33.Bxa2 Rd2 34.
Bb1 Rb2 35.Bf5 Rxb3 36.a4 b5 37.Ke1 bxa4 38.Bc2 Rb4 39.Kd2 a3 40.Nc1 Rxf4 
41.Kc3 Rf2 42.Be4 a2 43.Nb3 Rf4 44.Bxc6 Rb4 0-1

[Event "18th Asian-ch"]
[Site "New Delhi IND"]
[Date "2022.11.02"]
[Round "8.17"]
[White "Nurmamedov, Azat"]
[Black "Samant Aditya, S."]
[Result "0-1"]
[WhiteElo "2382"]
[BlackElo "2467"]
[EventDate "2022.10.26"]
[PlyCount "100"]

1.e4 c5 2.Nf3 d6 3.d4 cxd4 4.Nxd4 Nf6 5.Nc3 Nc6 6.Bg5 e6 7.Qd2 a6 8.O-O-O 
Be7 9.f3 Nxd4 10.Qxd4 b5 11.Kb1 Bb7 12.e5 dxe5 13.Qxe5 Qb8 14.Bf4 Qxe5 15.
Bxe5 O-O 16.Bd6 Bxd6 17.Rxd6 Rfd8 18.Rxd8+ Rxd8 19.Be2 Kf8 20.b4 Rd4 21.a3
Ke7 22.Kb2 g5 23.Rd1 Rh4 24.h3 h5 25.Bf1 e5 26.Re1 Ke6 27.Kb3 g4 28.a4 
gxf3 29.gxf3 Bxf3 30.axb5 axb5 31.Nxb5 Ne4 32.c3 f5 33.Kc2 Kf6 34.Nc7 Ng3 
35.b5 Nxf1 36.Rxf1 Be4+ 37.Kb3 Rxh3 38.b6 Rh1 39.Rxh1 Bxh1 40.c4 Bb7 41.
Ne8+ Kg6 42.Nd6 h4 43.Nxb7 h3 44.Nc5 h2 45.b7 h1=Q 46.Kb2 Qh2+ 47.Kc3 Qg3+
48.Kc2 Qf2+ 49.Kc3 Qe1+ 50.Kb3 Qb1+ 0-1

[Event "18th Asian-ch"]
[Site "New Delhi IND"]
[Date "2022.11.02"]
[Round "8.18"]
[White "Saravana, Krishnan P."]
[Black "Urazaev, Arystanbek"]
[Result "0-1"]
[WhiteElo "2197"]
[BlackElo "2458"]
[EventDate "2022.10.26"]
[PlyCount "104"]

1.e4 c5 2.Nf3 e6 3.g3 Nc6 4.Bg2 Nf6 5.Qe2 e5 6.O-O Be7 7.c3 O-O 8.Na3 Re8 
9.d3 h6 10.Nc4 Bf8 11.Re1 d6 12.a4 Be6 13.Qc2 Nxe4 14.Ncxe5 dxe5 15.dxe4 
Na5 16.Bf1 Qf6 17.Nh4 Nb3 18.Rb1 c4 19.Nf5 a6 20.Ne3 b5 21.Nd5 Bxd5 22.
exd5 Rad8 23.axb5 axb5 24.Bg2 Bc5 25.Be3 Qb6 26.Rbd1 Bxe3 27.Rxe3 Nc5 28.
Qe2 Qb8 29.Be4 Nxe4 30.Rxe4 f5 31.Re3 Qd6 32.Qh5 Rf8 33.Qe2 e4 34.g4 Qg6 
35.Kf1 fxg4 36.Rxe4 g3 37.hxg3 Qxg3 38.Qe3 Qh2 39.Re7 Rd6 40.Ke2 Rdf6 41.
Rf1 Qh5+ 42.f3 Qxd5 43.Rg1 R6f7 44.Rxf7 Qxf7 45.Kf2 Qf5 46.Rg2 Rf6 47.Kg1 
Qxf3 48.Qe8+ Kh7 49.Qxb5 Rf5 50.Qxc4 Qe3+ 51.Kh1 Rh5+ 52.Rh2 Qf3+ 0-1

[Event "18th Asian-ch"]
[Site "New Delhi IND"]
[Date "2022.11.02"]
[Round "8.19"]
[White "Yakubboev, Nodirbek"]
[Black "Avinash, Ramesh"]
[Result "1-0"]
[WhiteElo "2663"]
[BlackElo "2338"]
[EventDate "2022.10.26"]
[PlyCount "127"]

1.c4 Nf6 2.Nc3 d5 3.cxd5 Nxd5 4.g3 c5 5.Bg2 Nc7 6.d3 e5 7.Be3 Be7 8.Rc1 
Nd7 9.Nf3 O-O 10.O-O b6 11.Qa4 Bb7 12.Rfd1 Re8 13.Bh3 Ne6 14.Bxe6 fxe6 15.
Qg4 Bf6 16.h4 Nb8 17.Ng5 Nc6 18.Qh5 Bxg5 19.hxg5 Qc7 20.f3 Nd4 21.Kf2 g6 
22.Qg4 Qf7 23.Ne4 Bxe4 24.Qxe4 Qf5 25.Qh4 a5 26.Rh1 Ra7 27.g4 Qf8 28.Qg3 
Qd6 29.Rh6 Rg7 30.Rch1 Ree7 31.Qg1 Qd5 32.a3 Ref7 33.R6h3 a4 34.Qd1 Ra7 
35.Bd2 Rgf7 36.Bc3 b5 37.Kg2 Rad7 38.Qd2 Nc6 39.Qe3 Nd4 40.Rc1 Rf4 41.Kh2 
Rdf7 42.Be1 Nb3 43.Rc3 Qd4 44.Qg1 Qxg1+ 45.Kxg1 Rd4 46.Bg3 Rd5 47.e4 Rd8 
48.Bxe5 b4 49.axb4 cxb4 50.Rc6 Rxd3 51.Bd6 Rd1+ 52.Kf2 Rc1 53.Ra6 Rc8 54.
Rxa4 Nc1 55.Ke3 b3 56.Rh2 Rd7 57.Rd2 Rcd8 58.e5 Rb7 59.Rc4 Na2 60.Rdd4 Ra8
61.Rc6 Ra5 62.Rc8+ Kg7 63.Bf8+ Kg8 64.Bb4+ 1-0

[Event "18th Asian-ch"]
[Site "New Delhi IND"]
[Date "2022.11.02"]
[Round "8.20"]
[White "Tologon, Tegin Semetei"]
[Black "Atabaev, Yusup"]
[Result "1-0"]
[WhiteElo "2382"]
[BlackElo "2490"]
[EventDate "2022.10.26"]
[PlyCount "107"]

1.e4 c5 2.Nf3 e6 3.d4 cxd4 4.Nxd4 a6 5.Nc3 b5 6.Bd3 Qb6 7.Nb3 Qc7 8.O-O 
Bb7 9.f4 b4 10.Ne2 a5 11.Be3 Nf6 12.Ng3 h5 13.Qf3 Na6 14.h3 a4 15.Nd2 Nc5 
16.Bd4 Be7 17.Rac1 Rc8 18.c4 h4 19.Nh1 Nh5 20.Bb1 Bf6 21.Qe3 Bxd4 22.Qxd4 
Nxf4 23.Qxg7 Rf8 24.Qg4 e5 25.Nf2 d6 26.Kh2 Qe7 27.Nf3 Rh8 28.Nd4 Rd8 29.
Nf5 Qf6 30.Qd1 Qg6 31.Ng4 Qg5 32.Qd2 Bc8 33.Qxb4 Bxf5 34.exf5 Nh5 35.Rce1 
f6 36.Rf3 Ke7 37.Qc3 Rb8 38.Bc2 Rb7 39.b4 axb3 40.axb3 Rhb8 41.Rb1 Nf4 42.
Qe1 Ra7 43.b4 Nd7 44.Rd1 Nh5 45.Qc3 Qg8 46.Rfd3 Qg5 47.Rf3 Rb6 48.c5 dxc5 
49.bxc5 Rc6 50.Be4 Rcc7 51.c6 Nf8 52.Qb4+ Kf7 53.Rd8 Re7 54.Qb8 1-0

[Event "18th Asian-ch"]
[Site "New Delhi IND"]
[Date "2022.11.02"]
[Round "8.21"]
[White "Chanda, Sandipan"]
[Black "Saydaliev, Saidakbar"]
[Result "1/2-1/2"]
[WhiteElo "2474"]
[BlackElo "2376"]
[EventDate "2022.10.26"]
[PlyCount "61"]

1.d4 Nf6 2.c4 e6 3.Nc3 Bb4 4.e3 O-O 5.Bd2 b6 6.Bd3 Ba6 7.Nf3 d5 8.Qe2 c5 
9.a3 Bxc3 10.Bxc3 cxd4 11.Bxd4 Nc6 12.O-O Nxd4 13.Nxd4 Rc8 14.cxd5 Bxd3 
15.Qxd3 Qxd5 16.Qa6 e5 17.Nb5 Rc2 18.a4 Ng4 19.Nc3 Qb3 20.Nd1 Rc7 21.Qb5 
Qxb5 22.axb5 Rd8 23.Nc3 Nf6 24.Rfd1 Rxd1+ 25.Rxd1 Rd7 26.Rxd7 Nxd7 27.Ne4 
Kf8 28.Nd6 Ke7 29.Nc8+ Kd8 30.Nd6 Ke7 31.Nc8+ 1/2-1/2

[Event "18th Asian-ch"]
[Site "New Delhi IND"]
[Date "2022.11.02"]
[Round "8.22"]
[White "Wagh, Suyog"]
[Black "Abdisalimov, Abdimalik"]
[Result "0-1"]
[WhiteElo "2351"]
[BlackElo "2457"]
[EventDate "2022.10.26"]
[PlyCount "100"]

1.d4 Nf6 2.c4 c5 3.d5 g6 4.Nc3 Bg7 5.Nf3 O-O 6.e4 d6 7.h3 e6 8.Bd3 Na6 9.
Be3 Re8 10.O-O Nc7 11.Qd2 exd5 12.exd5 b5 13.Bg5 bxc4 14.Bxc4 Bb7 15.Qf4 
Rb8 16.Rad1 Ba6 17.Bxa6 Nxa6 18.Rfe1 Rxe1+ 19.Nxe1 Rxb2 20.Ne4 Nh5 21.
Qxf7+ Kxf7 22.Bxd8 Ke8 23.Bg5 Kd7 24.g4 Re2 25.f3 Bd4+ 26.Kh1 Ng7 27.a3 
Nc7 28.Ng3 Ra2 29.Bh6 Nxd5 30.Ne4 Ne6 31.Nd3 Rxa3 32.Ne1 Ra1 33.Rxa1 Bxa1 
34.Nc2 Be5 35.Bd2 Ndf4 36.h4 c4 37.Kg1 d5 38.Nf2 d4 39.Kf1 d3 40.Na3 c3 
41.Nc4 Bd4 42.Bc1 d2 43.Nxd2 Bxf2 44.Kxf2 Nd3+ 45.Ke3 Nxc1 46.Ne4 Na2 47.
Kd3 Nf4+ 48.Kc2 Nd5 49.Kb3 Nab4 50.f4 c2 0-1

[Event "18th Asian-ch"]
[Site "New Delhi IND"]
[Date "2022.11.02"]
[Round "8.23"]
[White "Manish Anto, Cristiano F."]
[Black "Ajay, Karthikeyan"]
[Result "1/2-1/2"]
[WhiteElo "2332"]
[BlackElo "2441"]
[EventDate "2022.10.26"]
[PlyCount "89"]

1.d4 Nf6 2.c4 g6 3.Nc3 Bg7 4.e4 O-O 5.Nf3 d6 6.Be2 e5 7.O-O Nbd7 8.Be3 Qe7
9.Qc2 c6 10.d5 Ng4 11.Bg5 f6 12.Bh4 h5 13.Nd2 Nh6 14.f3 c5 15.Bd3 Rf7 16.
a3 Nf8 17.b4 g5 18.Bf2 b6 19.Rfb1 Ng6 20.a4 a5 21.bxa5 bxa5 22.Rb6 Bf8 23.
Rab1 Rg7 24.Rb8 Rxb8 25.Rxb8 Qc7 26.Ra8 g4 27.Nb5 Qd7 28.Bf1 gxf3 29.Nxf3 
Nf4 30.Kh1 Bb7 31.Rxa5 Qg4 32.Bg3 f5 33.Ra7 fxe4 34.Qxe4 Nxd5 35.Qxg4 hxg4
36.cxd5 gxf3 37.a5 Nf5 38.gxf3 Bxd5 39.Rxg7+ Kxg7 40.a6 Nd4 41.Nc7 Bxf3+ 
42.Bg2 Bxg2+ 43.Kxg2 Nc6 44.Kf3 Kf7 45.Nb5 1/2-1/2

[Event "18th Asian-ch"]
[Site "New Delhi IND"]
[Date "2022.11.02"]
[Round "8.24"]
[White "Srihari, L. R."]
[Black "Ritviz, Parab"]
[Result "1-0"]
[WhiteElo "2436"]
[BlackElo "2337"]
[EventDate "2022.10.26"]
[PlyCount "91"]

1.d4 d5 2.c4 e6 3.Nc3 Nf6 4.Nf3 Bb4 5.Qa4+ Nc6 6.e3 O-O 7.Bd2 Re8 8.a3 Bf8
9.Rd1 a6 10.Be2 Ne4 11.O-O Nxd2 12.Rxd2 Ne7 13.Qc2 c6 14.e4 b5 15.c5 dxe4 
16.Nxe4 Nd5 17.Ne5 Bb7 18.Bd3 g6 19.Nc3 f6 20.Bxg6 fxe5 21.Bxe8 Qxe8 22.
dxe5 Qh5 23.Nxd5 exd5 24.f4 Re8 25.Rd3 Bc8 26.Rg3+ Kh8 27.e6 Qh6 28.f5 Bg7
29.Rh3 Bd4+ 30.Kh1 Qf6 31.Rb1 Rg8 32.b4 Rg5 33.Rf3 Kg7 34.Re1 Kf8 35.h3 
Be5 36.Qf2 Bc7 37.Rg1 h5 38.g4 hxg4 39.Rxg4 Rxg4 40.hxg4 Qh8+ 41.Kg1 Be5 
42.Qe2 a5 43.f6 Bc7 44.g5 Qg8 45.e7+ Kf7 46.e8=Q+ 1-0

[Event "18th Asian-ch"]
[Site "New Delhi IND"]
[Date "2022.11.02"]
[Round "8.25"]
[White "Aaryan, Varshney"]
[Black "Nitish, Belurkar"]
[Result "1/2-1/2"]
[WhiteElo "2312"]
[BlackElo "2435"]
[EventDate "2022.10.26"]
[PlyCount "69"]

1.d4 d5 2.c4 c6 3.Nf3 Nf6 4.Nc3 e6 5.e3 Nbd7 6.Be2 Bd6 7.O-O O-O 8.b3 b6 
9.Bb2 Bb7 10.Qc2 Rc8 11.Rad1 c5 12.dxc5 Nxc5 13.Qb1 Qe7 14.cxd5 Nxd5 15.
Nxd5 Bxd5 16.Qa1 f6 17.Nd4 Rfd8 18.Nb5 Bb8 19.Nc3 Bb7 20.Rxd8+ Rxd8 21.Rd1
Kf7 22.Rxd8 Qxd8 23.Qd1 Qxd1+ 24.Nxd1 Be4 25.Ba3 Be5 26.Bxc5 bxc5 27.f4 
Ba1 28.Bc4 Ke7 29.Nf2 Bb1 30.a4 Kd6 31.Kf1 e5 32.Ke2 exf4 33.exf4 Bd4 34.
Nd3 a5 35.f5 1/2-1/2

[Event "18th Asian-ch"]
[Site "New Delhi IND"]
[Date "2022.11.02"]
[Round "8.26"]
[White "Aradhya, Garg"]
[Black "Anuj, Shrivatri"]
[Result "1/2-1/2"]
[WhiteElo "2284"]
[BlackElo "2407"]
[EventDate "2022.10.26"]
[PlyCount "84"]

1.d4 Nf6 2.c4 e6 3.Nc3 Bb4 4.e3 O-O 5.Bd2 c5 6.a3 Bxc3 7.Bxc3 Ne4 8.Qc2 
Nxc3 9.Qxc3 b6 10.dxc5 bxc5 11.Nf3 Nc6 12.b4 cxb4 13.axb4 Bb7 14.Be2 a6 
15.O-O Qf6 16.Qxf6 gxf6 17.Ra4 Rfb8 18.Rfa1 Kf8 19.Nd2 Ne7 20.Nb3 d6 21.
Bf3 Ra7 22.b5 Bxf3 23.gxf3 d5 24.Rxa6 Rxa6 25.bxa6 dxc4 26.Nc5 Ke8 27.Rc1 
Nc6 28.Rxc4 Ne5 29.Rf4 Ke7 30.Kg2 f5 31.Rb4 Rg8+ 32.Kf1 Kd6 33.Nb7+ Kc7 
34.Na5 Ra8 35.Rb5 Nxf3 36.Rb7+ Kc8 37.a7 Ne5 38.h4 Nc6 39.Rxf7 Rxa7 40.
Rxa7 Nxa7 41.Kg2 Kd7 42.Kf3 Ke7 1/2-1/2

[Event "18th Asian-ch"]
[Site "New Delhi IND"]
[Date "2022.11.02"]
[Round "8.27"]
[White "Neelotpal, Das"]
[Black "Raahul, V. S."]
[Result "1/2-1/2"]
[WhiteElo "2400"]
[BlackElo "2333"]
[EventDate "2022.10.26"]
[PlyCount "98"]

1.d4 Nf6 2.Nf3 e6 3.Bf4 c5 4.e3 b6 5.Nc3 Bb7 6.Nb5 Na6 7.Bd6 Bc6 8.Bxf8 
Kxf8 9.Nd6 Qc7 10.Nb5 Qd8 11.a4 d5 12.Ne5 Be8 13.c3 Nc7 14.Nxc7 Qxc7 15.
Bd3 Nd7 16.f4 f5 17.g4 Nxe5 18.fxe5 g6 19.Qf3 c4 20.Bc2 Ke7 21.h4 h5 22.
gxf5 gxf5 23.Rg1 Bf7 24.O-O-O Rag8 25.Rdf1 Ke8 26.Bd1 Qe7 27.Qf4 a6 28.Kd2
Kd8 29.Ke1 Be8 30.Kf2 Kc7 31.Rxg8 Rxg8 32.Rg1 Rxg1 33.Kxg1 b5 34.axb5 axb5
35.Qg5 Qxg5+ 36.hxg5 Kd8 37.Kh2 Ke7 38.Kg3 Kf8 39.Kh4 Kg7 40.Bxh5 Bg6 41.
Bd1 Bf7 42.Kg3 Kg6 43.Kh4 Kg7 44.b3 Be8 45.b4 Kh7 46.Bh5 Bg6 47.Bf3 Be8 
48.Bh5 Bg6 49.Bf3 Be8 1/2-1/2

[Event "18th Asian-ch"]
[Site "New Delhi IND"]
[Date "2022.11.02"]
[Round "8.28"]
[White "Sanket, Chakravarty"]
[Black "Iniyan, P."]
[Result "0-1"]
[WhiteElo "2372"]
[BlackElo "2541"]
[EventDate "2022.10.26"]
[PlyCount "84"]

1.Nf3 d5 2.e3 c5 3.b3 a6 4.Bb2 Nc6 5.d4 Nf6 6.Nbd2 cxd4 7.Nxd4 e6 8.Nxc6 
bxc6 9.Bd3 Bd6 10.e4 e5 11.O-O O-O 12.h3 Re8 13.Qf3 Bb4 14.c3 Bc5 15.Rad1 
Qb6 16.Rfe1 Bb7 17.Re2 Re6 18.Rde1 Rae8 19.g4 h6 20.Qg3 a5 21.c4 d4 22.f4 
exf4 23.Qxf4 Bb4 24.e5 Bxd2 25.Qxd2 c5 26.Qf4 Qc6 27.Qg3 Nd7 28.Be4 Qc7 
29.Bf5 Rxe5 30.Bxd7 Rxe2 31.Qxc7 Rxe1+ 32.Kf2 R8e2+ 33.Kg3 Re3+ 34.Kf2 
R1e2+ 35.Kf1 Bg2+ 36.Kg1 Rxh3 37.Qd8+ Kh7 38.Bf5+ g6 39.Bxg6+ Kg7 40.Bxd4+
cxd4 41.Qxd4+ Kxg6 42.Qd6+ Kh7 0-1